Organic Structures from Spectra /

Na minha lista:
Detalhes bibliográficos
Main Authors: Field, L.D (Author), Sternhell, S (Author), Kalman, J.R (Author)
Formato: Livro
Idioma:inglês
Publicado em: Chichester : John Wiley & Sons, 1995
Edição:2.Edition
Tags: Adicionar Tag
Sem tags, seja o primeiro a adicionar uma tag!

MARC

LEADER 00000nam a22000003a 4500
001 stu23608
005 20190206124511.0
008 951123s1995----uk------------------eng-d
020 |a 0-471-95631-7 
040 |a STU  |b slo 
041 0 |a eng 
044 |a uk 
080 |a 543.42  |7 A000003321 
100 1 |a Field, L.D  |4 aut 
245 1 |a Organic Structures from Spectra /  |c [aut.]Field,L.D., Sternhell,S., Kalman,J.R 
250 |a 2.Edition 
260 |a Chichester :  |b John Wiley & Sons,  |c 1995 
300 |a 200 s :  |b Tab.,grafy,index 
700 1 |a Sternhell, S  |4 aut 
700 1 |a Kalman, J.R  |4 aut 
996 |b C93888  |c C*93888  |l CCIV  |s P  |a 0  |w stu23608_0001